Griekse goden (attributen) - Statistics

General Stats
  • This quiz has been taken 115 times
  • The average score is 12 of 13
Answer Stats
Hint Answer % Correct
Bliksem en Arend Zeus
100%
Uil, speer, schild, olijfboom en helm Athena
97%
drietand en paard Poseidon
97%
zon, lier (muziekinstrument) en de python Apollo
94%
Speer, schild, helm en gier Ares
94%
Graan (korenaar) en sikkel Demeter
94%
Naakt, venusschelp, duif en eros (cupido) Aphrodite
91%
pijl en boog, maan en hert Artemis
91%
Cerberus (driekoppige hond) en tweetand Hades
91%
Pauw, koe en granaatappel Hera
91%
Gevleugelde helm en schoenen en slangenstaf Hermes
91%
Hamer, aambeeld en tang Hephaistos
89%
Wijn en drijven Dionysos
83%
No matching quizzes found
Score Distribution
Percent of People with Each Score
Percentile by Number Answered
Your Score History
You have not taken this quiz